000 01241namaa22003131i 4500
005 20260514130708.0
008 260514s1994 ua a|||frm||| 000 0 eng d
040 _aEG-GICUC
_beng
_cEG-GICUC
_dEG-GICUC
_erda
041 0 _aeng
_beng
_bara
049 _aDeposit
097 _aM.Sc
099 _aCai01.11.21.M.Sc.1994.Ma.F
100 0 _aMaged Bahi El- Din Mohamed,
_epreparation.
245 1 0 _aFrontal lobe epilepsies /
_cBy Maged Bahi El- Din Mohamed ; Supervised Prof. Dr. Mohamed Hussain El Tawdey, Dr. Hassan Saad Hosni
_bRemainder of title /
246 1 5 _aنوبات الصرع الناتجة عن الفص الجبهي للمخ
264 0 _c1994.
300 _a140 Leaves
_billustrations
_c30 cm. +
336 _2rda content
_atext
337 _2rdamedia
_aUnmediated
338 _2rdacarrier
_avolume
502 _aThesis (M.Sc.)-Cairo University, 1994
504 _aBibliography: pages 127-140
653 0 _aFrontal lobe epilepsies
700 0 _aMohamed Hussain El Tawdey
_ethesis advisor.
700 0 _aHassan Saad Hosni
_ethesis advisor.
900 _DDepartment of Neurology
_FFaculty of Medicine
_UCairo University
_b1994
_cMohamed Hussain El Tawdey
_cHassan Saad Hosni
905 _aNehad
942 _2ddc
_cTH
_e21
_n0
999 _c180158